00310pam a2200109a 44500008004100000020002400041082001300065100001800078245006400096260003000160300001000190230405s2008 xxu||||| |||| 00| 0 eng d a8123911211cRs. 224 a611bKAZ aKazi, Shoukat aQuestions and Answers Exam Oriented Anatomy below Diaphragm aNew DelhibCBS Pub.c2008 a285 p